000 00816nas a2200265 4500
001 BR2016004253
003 BR-BrBNA
005 20231205130803.0
007 ta
008 230509b bl.|||p| |||| 00| 00por d
040 _aBR-BrBNA
_bpor
_cBiblioteca Nacional de Agricultura
041 _a(Pt)
072 _aM12
100 1 _aDumont, L.F.C.
100 1 _aD'Incao, F.
245 1 _aEstágios de desenvolvimento gonadal de fêmeas do camarão-barba-ruça (Artemisia longinaris - Decapoda: Palaemonidae)
650 _aCAMRÃO
650 _aCRUSTÁCEO
650 _aCAPTURA
650 _aFÊMEA
650 _aHISTOLOGIA
773 0 _tIheringia - Série Zoologia (Brazil)
_xISSN 0073-4721
_g(Dec 2004), v. 94(4) p. 389-393
_wBR2016004253
909 _a202311
_bLúcia
_c55
_dLúcia Elande
942 _2AGRIS
_n0
_cANA
999 _c251247
_d251247